| 000 | 01256nam a22003857a 4500 | ||
|---|---|---|---|
| 001 | BR0700513 | ||
| 003 | BR-BrBNA | ||
| 005 | 20230928102328.0 | ||
| 007 | ta | ||
| 008 | 230509b bl.||||| |||| 00| 0 por d | ||
| 040 |
_aBR-BrBNA _bpor _cBiblioteca Nacional de Agricultura |
||
| 041 | _a(Por) | ||
| 072 | _aF40; F01 | ||
| 090 | _ F40 BR0700513 | ||
| 100 | 1 | _aPaulus, G. | |
| 100 | 1 | _aMüller, A.M. | |
| 100 | 1 | _aBarcellos, L.A.R. | |
| 110 | 1 | _aAssociação Riograndense de Empreendimentos de Assistência Técnica e Extensão Rural, Porto Alegre, RS (Brasil) | |
| 110 | 1 | _aAssociação Sulina de Crédito e Assistência Rural, Porto Alegre, RS (Brasil) | |
| 245 | 1 |
_aAgroecologia aplicada: práticas e métodos para uma agricultura de base ecológica _bColeção Aprendendo a Fazer Melhor, nº 3 |
|
| 260 | 3 |
_aPorto Alegre, RS (Brasil): _c2006. |
|
| 300 | _a74 p. | ||
| 500 | _a19 ref.; 22 illus.; 16 tables | ||
| 650 | _aAGRICULTURA | ||
| 650 | _aPECUÁRIA | ||
| 650 | _aECOLOGIA VEGETAL | ||
| 650 | _aPRÁTICA CULTURAL | ||
| 650 | _aMANEJO | ||
| 650 | _aADUBAÇÃO | ||
| 650 | _aROTAÇÃO DE CULTURA | ||
| 650 | _aPRODUÇÃO ANIMAL | ||
| 650 | _aRIO GRANDE DO SUL | ||
| 909 |
_a202309 _bLucia _c55 _dLucia Elande |
||
| 942 | _cBK | ||
| 999 |
_c70214 _d70214 |
||